00434nam a2200157Ia 4500100003200000650001200032942000700044654001100051245002600062260004400088082001500132300000800147546001200155999001700167952009200184 aGirja kumar/ Krishna Kumar  aGeneral cBK atheory aTheory of Cataloguing bVikas Publishing HouseaNew Delhic1986 a25.31bGIR a384 aENGLISH c35154d35154 001040708CRCaCRCEbCRCEd2023-03-17l0o25.31 GIRp8678r2023-03-17w2023-03-17yBK